000 00422nam a2200193Ia 4500
001 13170
003 GE_BSU
008 181216s||||||||xx |||||||||||||| ||und||
040 _cGE_BSU
080 _a821.111-3
100 _aCollins,Jackie.
245 _aVendetta:Zucky's Revenge.
260 _aLondon.
260 _bBCA.
260 _c1996
300 _a537p;20cm.
653 _aVendetta:Zucky's Revenge.
942 _cBK
999 _c46334
_d46334